[Event "Mittelfranken Landesliga Nord 2223"]
[Site "Mittelfranken"]
[Date "2023.03.05"]
[Round "7.7"]
[White "Ter Akopyan, Bagrat"]
[Black "Saathoff, Richard"]
[Result "1-0"]
[WhiteElo "2049"]
[BlackElo "2001"]
[PlyCount "73"]
[EventDate "2022.10.09"]
[EventType "team-tourn"]
[EventRounds "9"]
[EventCountry "GER"]
[SourceTitle "EXT 2024"]
[Source "ChessBase"]
[SourceDate "2023.10.10"]
[SourceVersion "1"]
[SourceVersionDate "2023.10.10"]
[SourceQuality "1"]
[WhiteTeam "Herzogenaurach"]
[BlackTeam "Nuernberg Sued SW"]
[WhiteTeamCountry "GER"]
[BlackTeamCountry "GER"]

1. d4 Nf6 2. Nf3 g6 3. g3 Bg7 4. Bg2 0-0 5. 0-0 d6 6. c4 Nbd7 7. Nc3 e5 8. dxe5 dxe5 9. Qc2 c6 10. Rd1 Qe7 11. h3 h6 12. Be3 Re8 13. Rab1 Nf8 14. Qc1 Bf5 15. Ra1 g5 16. a3 Ne4 17. Nxe4 Bxe4 18. h4 f6 19. b4 Ne6 20. Ra2 g4 21. Ne1 Bxg2 22. Nxg2 h5 23. Rad2 Red8 24. Rxd8+ Nxd8 25. Bc5 Qf7 26. Ne3 Ne6 27. Nf5 Nxc5 28. bxc5 Qe6 29. Qb1 b6 30. Rd6 Qe8 31. Qd3 e4 32. Qd4 bxc5 33. Qxc5 Bf8 34. Qxc6 Bxd6 35. Qd5+ Kh8 36. Nxd6 Qd8 37. Nf7+ 1-0

[Event "Mittelfranken Landesliga Nord 2223"]
[Site "Mittelfranken"]
[Date "2022.10.23"]
[Round "2.5"]
[White "Hanft, Michael"]
[Black "Saathoff, Richard"]
[Result "1/2-1/2"]
[WhiteElo "1994"]
[BlackElo "2001"]
[PlyCount "27"]
[EventDate "2022.10.09"]
[EventType "team-tourn"]
[EventRounds "9"]
[EventCountry "GER"]
[SourceTitle "EXT 2024"]
[Source "ChessBase"]
[SourceDate "2023.10.10"]
[SourceVersion "1"]
[SourceVersionDate "2023.10.10"]
[SourceQuality "1"]
[WhiteTeam "Kitzingen"]
[BlackTeam "Nuernberg Sued SW"]
[WhiteTeamCountry "GER"]
[BlackTeamCountry "GER"]

1. d4 Nf6 2. c4 g6 3. Nc3 Bg7 4. e4 d6 5. f3 0-0 6. Be3 c5 7. Nge2 Nc6 8. Qd2 Qa5 9. Rd1 cxd4 10. Nxd4 Nxd4 11. Bxd4 a6 12. Be2 Qc7 13. 0-0 b6 14. Nd5 1/2-1/2

[Event "Mittelfrank Regionalliga Nord-Ost 2122"]
[Site "Mittelfranken"]
[Date "2022.03.13"]
[Round "6.3"]
[White "Piehler, Sebastian"]
[Black "Saathoff, Richard"]
[Result "1-0"]
[WhiteElo "1802"]
[BlackElo "2032"]
[PlyCount "121"]
[EventDate "2021.10.24"]
[EventType "team-tourn"]
[EventRounds "9"]
[EventCountry "GER"]
[SourceTitle "EXT 2024"]
[Source "ChessBase"]
[SourceDate "2023.10.10"]
[SourceVersion "1"]
[SourceVersionDate "2023.10.10"]
[SourceQuality "1"]
[WhiteTeam "Kelheim II"]
[BlackTeam "Nuernberg Sued SW II"]
[WhiteTeamCountry "GER"]
[BlackTeamCountry "GER"]

1. d4 Nf6 2. c4 g6 3. f3 Bg7 4. Nc3 d6 5. e4 0-0 6. Be3 e5 7. d5 c6 8. Qd2 cxd5 9. cxd5 a6 10. a4 Nbd7 11. Bd3 Nh5 12. g4 Nf4 13. Bc2 Qe7 14. a5 f5 15. gxf5 gxf5 16. 0-0-0 b5 17. axb6 Rb8 18. Na4 Nf6 19. Ne2 fxe4 20. Bxe4 Bd7 21. Nec3 Rfc8 22. Kb1 Kh8 23. Rc1 Qe8 24. b3 Qh5 25. Na2 Rg8 26. Nb4 Bb5 27. Nc3 Nxe4 28. fxe4 Bf6 29. Rhg1 Qf3 30. Qf2 Qxf2 31. Bxf2 Nd3 32. Nxd3 Bxd3+ 33. Kb2 a5 34. Rxg8+ Kxg8 35. Rd1 Ba6 36. Ra1 Bd8 37. Rxa5 Bd3 38. Ra4 Kf8 39. Rb4 Bg5 40. b7 Ba6 41. Ba7 Rxb7 42. Rxb7 Bxb7 43. Kc2 Ke7 44. b4 Kd7 45. Kd3 Bh4 46. b5 Be1 47. Nd1 Kc7 48. Bf2 Ba5 49. Nb2 Bc8 50. Nc4 Bb4 51. Kc2 Bh3 52. Kb3 Bc5 53. Bxc5 dxc5 54. Nxe5 Bg2 55. Kc4 Kd6 56. Nf7+ Ke7 57. Ng5 Kd6 58. b6 h6 59. b7 Kc7 60. Ne6+ Kxb7 61. Nxc5+ 1-0

[Event "Mittelfranken Mitte-ch"]
[Site "Nuremberg"]
[Date "2020.01.05"]
[Round "4.1"]
[White "Saathoff, Richard"]
[Black "Grimm, Pascal"]
[Result "1-0"]
[WhiteElo "2117"]
[BlackElo "1922"]
[PlyCount "118"]
[EventDate "2020.01.03"]
[EventType "swiss"]
[EventRounds "7"]
[EventCountry "GER"]
[SourceTitle "EXT 2023"]
[Source "ChessBase"]
[SourceDate "2022.10.05"]
[SourceVersion "1"]
[SourceVersionDate "2022.10.05"]
[SourceQuality "1"]

1. e4 e6 2. d4 d5 3. Nc3 Nf6 4. Bg5 Be7 5. e5 Nfd7 6. h4 h6 7. Bxe7 Qxe7 8. f4 Nc6 9. Qd2 Nb6 10. 0-0-0 Bd7 11. Nf3 a5 12. Rh3 a4 13. a3 Na5 14. Ne1 Nbc4 15. Bxc4 Nxc4 16. Qf2 Ra6 17. Na2 Rb6 18. Nb4 Rb5 19. Rc3 b6 20. Ned3 g6 21. h5 gxh5 22. Rh1 Rg8 23. Rxh5 c5 24. dxc5 bxc5 25. Na6 Qd8 26. Naxc5 Qb8 27. Nxd7 Kxd7 28. f5 Rg7 29. Rxh6 Rxb2 30. fxe6+ fxe6 31. Nc5+ Kc6 32. Rxe6+ Kb5 33. Nd3 Ka5 34. Nb4 Rxb4 35. axb4+ Qxb4 36. Rxc4 dxc4 37. Qd4 Qe1+ 38. Qd1 Qe3+ 39. Kb1 Rb7+ 40. Ka2 Qc5 41. Qd8+ Kb4 42. Qd6 c3 43. g4 Qxd6 44. exd6 Kc5 45. Ka3 Kd5 46. Re7 Rb8 47. d7 Rd8 48. Kxa4 Kc4 49. Ka5 Kc5 50. Ka6 Kc6 51. Ka7 Kc7 52. g5 Kd6 53. Rf7 Kc7 54. g6 Kc6 55. g7 Rg8 56. d8Q Rxd8 57. Rb7 Rg8 58. Ka6 Kc5 59. Rc7+ Kb4 1-0

[Event "Mittelfranken Mitte-ch"]
[Site "Nuremberg"]
[Date "2020.01.05"]
[Round "5.1"]
[White "Varkentin, Wilhelm"]
[Black "Saathoff, Richard"]
[Result "1/2-1/2"]
[WhiteElo "1965"]
[BlackElo "2117"]
[PlyCount "67"]
[EventDate "2020.01.03"]
[EventType "swiss"]
[EventRounds "7"]
[EventCountry "GER"]
[SourceTitle "EXT 2023"]
[Source "ChessBase"]
[SourceDate "2022.10.05"]
[SourceVersion "1"]
[SourceVersionDate "2022.10.05"]
[SourceQuality "1"]

1. c4 Nf6 2. Nc3 g6 3. e4 d6 4. g3 Bg7 5. Bg2 0-0 6. Nge2 c5 7. 0-0 Nc6 8. d3 Rb8 9. Rb1 a6 10. a3 Ne8 11. b4 cxb4 12. axb4 b5 13. cxb5 axb5 14. Qb3 Bd7 15. Be3 Nc7 16. d4 Na6 17. Na2 Rc8 18. Qd3 Qc7 19. f4 e5 20. fxe5 dxe5 21. d5 Nd4 22. Nxd4 exd4 23. Bxd4 Qc2 24. Qxc2 Rxc2 25. Bxg7 Kxg7 26. Rf2 Rfc8 27. Rb2 Rxb2 28. Rxb2 Rc4 29. Kf2 Kf6 30. Ke3 Ke5 31. Kd2 f5 32. exf5 Bxf5 33. Nc3 Nxb4 34. Nxb5 1/2-1/2

[Event "Regionalliga Nord-Ost 1819"]
[Site "Bayern"]
[Date "2019.03.24"]
[Round "8.6"]
[White "Goetz, Andreas"]
[Black "Saathoff, Richard"]
[Result "1-0"]
[WhiteElo "2033"]
[BlackElo "2015"]
[PlyCount "111"]
[EventDate "2018.10.21"]
[EventType "team-tourn"]
[EventRounds "9"]
[EventCountry "GER"]
[SourceTitle "EXT 2022"]
[Source "ChessBase"]
[SourceDate "2021.10.06"]
[SourceVersion "1"]
[SourceVersionDate "2021.10.06"]
[SourceQuality "1"]
[WhiteTeam "Erlangen SC II"]
[BlackTeam "Nuernberg Sued SW II"]
[WhiteTeamCountry "GER"]
[BlackTeamCountry "GER"]

1. e4 e5 2. Nf3 Nc6 3. Bc4 Nf6 4. d3 h6 5. c3 d6 6. h3 g6 7. Nbd2 Bg7 8. a4 d5 9. Ba2 0-0 10. 0-0 Be6 11. Re1 dxe4 12. dxe4 Qd7 13. Bxe6 Qxe6 14. Qb3 Qc8 15. Nc4 Nh5 16. Be3 Kh7 17. Bc5 Re8 18. Ne3 Kg8 19. Nd5 Nf4 20. Nxf4 exf4 21. Rad1 Ne5 22. Nxe5 Rxe5 23. Rd5 f3 24. Rxe5 Bxe5 25. Be3 fxg2 26. Kxg2 Bg7 27. Rd1 Qe8 28. f3 a5 29. Rd2 Qc6 30. Qd5 Qa6 31. Qd7 c6 32. Qc7 Qc4 33. Qxb7 Re8 34. Qd7 Re5 35. Qc7 Rh5 36. Qc8+ Bf8 37. Qe8 Kg7 38. Bd4+ Kg8 39. Be3 Kg7 40. Bf4 Qc5 41. Qd8 Kg8 42. Qd4 Qe7 43. Qd8 Qc5 44. Qd7 Qc4 45. Qd4 Qe6 46. Qd7 Qc4 47. Qe8 Qc5 48. Rd8 Kg7 49. Be3 Qxe3 50. Qxf8+ Kf6 51. Qd6+ Kg5 52. Qe5+ f5 53. Qg3+ Kf6 54. Rd6+ Kf7 55. Qxg6+ Ke7 56. Qf6+ 1-0

[Event "Regionalliga Nord-Ost 1819"]
[Site "Bayern"]
[Date "2019.02.03"]
[Round "6.6"]
[White "Vasilache, Catalin"]
[Black "Saathoff, Richard"]
[Result "1/2-1/2"]
[WhiteElo "1935"]
[BlackElo "2015"]
[PlyCount "32"]
[EventDate "2018.10.21"]
[EventType "team-tourn"]
[EventRounds "9"]
[EventCountry "GER"]
[SourceTitle "EXT 2022"]
[Source "ChessBase"]
[SourceDate "2021.10.06"]
[SourceVersion "1"]
[SourceVersionDate "2021.10.06"]
[SourceQuality "1"]
[WhiteTeam "Buechenbach/Roth"]
[BlackTeam "Nuernberg Sued SW II"]
[WhiteTeamCountry "GER"]
[BlackTeamCountry "GER"]

1. d4 Nf6 2. Nf3 g6 3. Nbd2 d5 4. e3 Bg7 5. b4 0-0 6. Bb2 Nbd7 7. c4 c6 8. Bd3 e5 9. Nxe5 Nxe5 10. dxe5 Ng4 11. Nf3 Qe7 12. Qb3 dxc4 13. Bxc4 Nxe5 14. Nxe5 Bxe5 15. 0-0 Bxb2 16. Qxb2 Be6 1/2-1/2

[Event "Regionalliga Nord-Ost 1819"]
[Site "Bayern"]
[Date "2018.10.21"]
[Round "1.6"]
[White "Hanisch, Friedrich"]
[Black "Saathoff, Richard"]
[Result "1/2-1/2"]
[WhiteElo "2037"]
[BlackElo "2015"]
[PlyCount "55"]
[EventDate "2018.10.21"]
[EventType "team-tourn"]
[EventRounds "9"]
[EventCountry "GER"]
[SourceTitle "EXT 2022"]
[Source "ChessBase"]
[SourceDate "2021.10.06"]
[SourceVersion "1"]
[SourceVersionDate "2021.10.06"]
[SourceQuality "1"]
[WhiteTeam "Altensittenbach"]
[BlackTeam "Nuernberg Sued SW II"]
[WhiteTeamCountry "GER"]
[BlackTeamCountry "GER"]

1. d4 Nf6 2. c4 g6 3. g3 Bg7 4. Bg2 d6 5. Nf3 0-0 6. 0-0 Nbd7 7. Nc3 e5 8. e4 a6 9. h3 b5 10. dxe5 dxe5 11. Qc2 c6 12. Be3 Bb7 13. c5 Qe7 14. Ne2 Rfd8 15. Rfd1 Ne8 16. a4 Nc7 17. a5 b4 18. Ne1 Ne6 19. Nd3 Rab8 20. Rac1 Ba8 21. Qc4 Rb5 22. Nxb4 Ndxc5 23. Rxd8+ Qxd8 24. Nc3 Rxb4 25. Qxb4 Nd3 26. Qb6 Nxc1 27. Qxd8+ Nxd8 28. Bxc1 1/2-1/2

[Event "Nuremberg Zabo op 20th"]
[Site "Nuremberg"]
[Date "2018.09.16"]
[Round "4"]
[White "Saathoff, Richard"]
[Black "Eliseev, Evgeniy1111"]
[Result "1/2-1/2"]
[WhiteElo "2031"]
[BlackElo "2331"]
[PlyCount "192"]
[EventDate "2018.09.15"]
[EventType "swiss"]
[EventRounds "5"]
[EventCountry "GER"]
[SourceTitle "EXT 2020"]
[Source "ChessBase"]
[SourceDate "2019.10.17"]
[SourceVersion "1"]
[SourceVersionDate "2019.10.17"]
[SourceQuality "1"]

1. e4 e5 2. Nf3 Nf6 3. Bc4 Nxe4 4. Nc3 Nc6 5. 0-0 Nxc3 6. dxc3 Be7 7. Qd5 0-0 8. Nxe5 Nxe5 9. Qxe5 Bf6 10. Qh5 c6 11. Be3 d5 12. Rad1 g6 13. Qf3 Be5 14. Bd3 Qh4 15. h3 Re8 16. Bd4 Bd7 17. Rfe1 Bg7 18. Rxe8+ Rxe8 19. a3 b6 20. Kf1 Qe7 21. Kg1 Bc8 22. Bxg7 Kxg7 23. Bf1 Bf5 24. c4 Be4 25. Qe3 Qe5 26. cxd5 Bxd5 27. Qxe5+ Rxe5 28. f3 Kf6 29. Kf2 Ke7 30. Rd2 Be6 31. c3 g5 32. Rd1 h5 33. Rd4 c5 34. Rd1 h4 35. Rd2 Kf6 36. Rd6 Rd5 37. Rxd5 Bxd5 38. Ke3 Ke5 39. Be2 Bb3 40. Bb5 f6 41. Ba6 Bd5 42. Be2 f5 43. Bf1 Bb7 44. Bd3 Bc6 45. Bf1 Ba4 46. Bd3 Bb3 47. Ba6 Be6 48. Be2 Bc8 49. Bf1 a6 50. Be2 b5 51. Bf1 Bb7 52. Bd3 g4 53. Bf1 f4+ 54. Kf2 g3+ 55. Ke2 c4 56. Kd2 Bc8 57. Ke1 Kd5 58. Kd2 Bf5 59. Ke1 Ke5 60. Kd2 a5 61. Ke1 b4 62. axb4 axb4 63. Kd2 Be6 64. Kc1 Kd5 65. Kb1 Kc5 66. Ka2 Bf7 67. Be2 Bd5 68. Bf1 Be6 69. cxb4+ Kxb4 70. Kb1 Kb3 71. Kc1 Bf5 72. Kd2 Kxb2 73. Bxc4 Bxh3 74. Bf1 Bf5 75. Ke1 Kc3 76. Ba6 Kd4 77. Ke2 Be6 78. Bb7 Bc4+ 79. Ke1 Ke5 80. Bc6 Kf6 81. Bb7 Bd3 82. Bc6 Ke5 83. Bb7 Bf5 84. Kf1 Kd4 85. Kg1 Ke3 86. Bc6 h3 87. Bb7 h2+ 88. Kh1 Kf2 89. Bc8 Bc2 90. Bf5 Bd1 91. Bh3 Bxf3 92. gxf3 Kxf3 93. Bg2+ Kf2 94. Bb7 Ke3 95. Bc6 f3 96. Bxf3 Kxf3 1/2-1/2

[Event "Nuremberg Zabo op 20th"]
[Site "Nuremberg"]
[Date "2018.09.15"]
[Round "3"]
[White "Saathoff, Richard"]
[Black "Mueller, Lothar2222"]
[Result "1-0"]
[WhiteElo "2031"]
[BlackElo "1850"]
[PlyCount "63"]
[EventDate "2018.09.15"]
[EventType "swiss"]
[EventRounds "5"]
[EventCountry "GER"]
[SourceTitle "EXT 2020"]
[Source "ChessBase"]
[SourceDate "2019.10.17"]
[SourceVersion "1"]
[SourceVersionDate "2019.10.17"]
[SourceQuality "1"]

1. e4 d6 2. d4 g6 3. Nc3 Bg7 4. f4 Nf6 5. Nf3 Bg4 6. h3 Bxf3 7. Qxf3 c6 8. Be3 Nbd7 9. e5 dxe5 10. dxe5 Nd5 11. Nxd5 cxd5 12. Qxd5 0-0 13. 0-0-0 Nb6 14. Qxb7 Qc8 15. Qxc8 Rfxc8 16. g3 e6 17. Bxb6 axb6 18. Kb1 Bf8 19. Rh2 Ra5 20. Rhd2 Rca8 21. a3 b5 22. Rd8 R8a7 23. Rb8 Kg7 24. Rxb5 Ra4 25. Bg2 Bxa3 26. bxa3 Rxa3 27. Rd3 Ra1+ 28. Kb2 R1a2+ 29. Kc1 Rc7 30. Rb2 Ra1+ 31. Kd2 Rg1 32. Be4 1-0

[Event "Zirndorf Cup"]
[Site "Zirndorf"]
[Date "2017.09.03"]
[Round "7"]
[White "Madsen, Michael Ole"]
[Black "Saathoff, Richard"]
[Result "1/2-1/2"]
[WhiteElo "2028"]
[BlackElo "2151"]
[PlyCount "20"]
[EventDate "2017.08.30"]
[EventType "swiss"]
[EventRounds "7"]
[EventCountry "GER"]
[SourceTitle "CBM 180 Extra"]
[Source "ChessBase"]
[SourceDate "2017.10.06"]
[SourceVersion "1"]
[SourceVersionDate "2017.10.06"]
[SourceQuality "1"]

1. d4 Nf6 2. c4 g6 3. Nf3 Bg7 4. Bf4 0-0 5. e3 d6 6. Be2 c5 7. Nc3 cxd4 8. exd4 d5 9. c5 Nc6 10. Ne5 Be6 1/2-1/2

[Event "Zirndorf Cup"]
[Site "Zirndorf"]
[Date "2017.08.31"]
[Round "2"]
[White "Saathoff, Richard"]
[Black "Herlan, Klaus Juergen"]
[Result "1/2-1/2"]
[WhiteElo "2151"]
[BlackElo "1968"]
[PlyCount "27"]
[EventDate "2017.08.30"]
[EventType "swiss"]
[EventRounds "7"]
[EventCountry "GER"]
[SourceTitle "CBM 180 Extra"]
[Source "ChessBase"]
[SourceDate "2017.10.06"]
[SourceVersion "1"]
[SourceVersionDate "2017.10.06"]
[SourceQuality "1"]

1. e4 c5 2. Nf3 e6 3. d4 cxd4 4. Nxd4 a6 5. Nc3 Qc7 6. Bd3 Nf6 7. f4 d6 8. Qf3 Nc6 9. Nb3 b5 10. a4 b4 11. Na2 d5 12. e5 Nd7 13. 0-0 Bb7 14. Kh1 1/2-1/2

[Event "Mittelfranken-ch HT 66th"]
[Site "Uttenreuth"]
[Date "2017.04.14"]
[Round "7"]
[White "Saathoff, Richard"]
[Black "Seibold, Hubert"]
[Result "1/2-1/2"]
[WhiteElo "2124"]
[BlackElo "2117"]
[PlyCount "43"]
[EventDate "2017.04.11"]
[EventType "swiss"]
[EventRounds "9"]
[EventCountry "GER"]
[SourceTitle "EXT 2020"]
[Source "ChessBase"]
[SourceDate "2019.10.17"]
[SourceVersion "1"]
[SourceVersionDate "2019.10.17"]
[SourceQuality "1"]

1. e4 c5 2. Nf3 e6 3. d4 cxd4 4. Nxd4 a6 5. Bd3 Bc5 6. Nb3 Be7 7. Nc3 Nc6 8. f4 d6 9. Qf3 Nf6 10. Bd2 Qc7 11. 0-0 Nb4 12. Kh1 Nxd3 13. cxd3 b5 14. Rac1 Qd7 15. Ne2 Bb7 16. Na5 0-0 17. Qe3 Bd8 18. Qd4 Bxa5 19. Bxa5 Rfc8 20. Bb4 Ne8 21. Qb6 Rc6 22. Rxc6 1/2-1/2

[Event "Mittelfranken-ch HT 66th"]
[Site "Uttenreuth"]
[Date "2017.04.13"]
[Round "6"]
[White "Saathoff, Richard"]
[Black "Erlbeck, Peter"]
[Result "1/2-1/2"]
[WhiteElo "2124"]
[BlackElo "2061"]
[PlyCount "39"]
[EventDate "2017.04.11"]
[EventType "swiss"]
[EventRounds "9"]
[EventCountry "GER"]
[SourceTitle "EXT 2020"]
[Source "ChessBase"]
[SourceDate "2019.10.17"]
[SourceVersion "1"]
[SourceVersionDate "2019.10.17"]
[SourceQuality "1"]

1. e4 c5 2. Nf3 Nc6 3. d4 cxd4 4. Nxd4 Nf6 5. Nc3 e5 6. Ndb5 d6 7. Bg5 a6 8. Na3 b5 9. Nd5 Be7 10. Bxf6 Bxf6 11. c4 b4 12. Nc2 0-0 13. g3 Bg5 14. h4 Bh6 15. Bh3 Be6 16. Qh5 Rb8 17. b3 Qd7 18. Bf5 Bxf5 19. exf5 f6 20. 0-0 1/2-1/2

[Event "Mittelfranken-ch HT 66th"]
[Site "Uttenreuth"]
[Date "2017.04.11"]
[Round "1"]
[White "Boehme, Markus"]
[Black "Saathoff, Richard"]
[Result "1-0"]
[WhiteElo "1957"]
[BlackElo "2124"]
[PlyCount "79"]
[EventDate "2017.04.11"]
[EventType "swiss"]
[EventRounds "9"]
[EventCountry "GER"]
[SourceTitle "EXT 2020"]
[Source "ChessBase"]
[SourceDate "2019.10.17"]
[SourceVersion "1"]
[SourceVersionDate "2019.10.17"]
[SourceQuality "1"]

1. e4 e5 2. Nf3 Nc6 3. d4 exd4 4. Nxd4 Bc5 5. Be3 Qf6 6. c3 Nge7 7. Bc4 b6 8. 0-0 Bb7 9. Nb5 0-0-0 10. Bxc5 bxc5 11. Qa4 Kb8 12. Nd2 Nc8 13. Bd5 a6 14. Na3 Nb6 15. Qc2 Rhe8 16. Nac4 Nxd5 17. exd5 Ne5 18. Ne3 Ng6 19. Nb3 Qb6 20. Nd2 Nf4 21. Ndc4 Qf6 22. Rad1 Qg5 23. Qb3 Ka8 24. g3 h5 25. Na5 Rb8 26. Nxb7 Rxb7 27. Qc4 Ng6 28. Qxa6+ Kb8 29. d6 c6 30. b4 cxb4 31. cxb4 h4 32. Nc4 Qb5 33. Qxb5 cxb5 34. Ne3 Re6 35. Nf5 Rb6 36. Rfe1 hxg3 37. hxg3 Ne5 38. Nd4 Nc4 39. Nxe6 fxe6 40. Rxe6 1-0

[Event "Mittelfranken Mitte-ch"]
[Site "Nuremberg"]
[Date "2017.01.07"]
[Round "4"]
[White "Saathoff, Richard"]
[Black "Bolten, Daniel"]
[Result "1/2-1/2"]
[WhiteElo "2124"]
[BlackElo "2075"]
[PlyCount "23"]
[EventDate "2017.01.05"]
[EventType "swiss"]
[EventRounds "7"]
[EventCountry "GER"]
[SourceTitle "EXT 2018"]
[Source "ChessBase"]
[SourceDate "2017.10.13"]
[SourceVersion "1"]
[SourceVersionDate "2017.10.13"]
[SourceQuality "1"]

1. e4 c5 2. Nf3 Nc6 3. d4 cxd4 4. Nxd4 e5 5. Nb5 d6 6. c4 Be7 7. N1c3 a6 8. Na3 f5 9. exf5 Bxf5 10. Bd3 Be6 11. Nc2 Nf6 12. 0-0 1/2-1/2

[Event "Landesliga Nord 1617"]
[Site "Bayern"]
[Date "2016.12.04"]
[Round "3.5"]
[White "Seibold, Hubert"]
[Black "Saathoff, Richard"]
[Result "1/2-1/2"]
[WhiteElo "2042"]
[BlackElo "2090"]
[PlyCount "53"]
[EventDate "2016.10.16"]
[EventType "team-tourn"]
[EventRounds "9"]
[EventCountry "GER"]
[SourceTitle "EXT 2019"]
[Source "ChessBase"]
[SourceDate "2018.10.10"]
[SourceVersion "1"]
[SourceVersionDate "2018.10.10"]
[SourceQuality "1"]
[WhiteTeam "Zirndorf"]
[BlackTeam "Nuernberg Sued SW"]
[WhiteTeamCountry "GER"]
[BlackTeamCountry "GER"]

1. c4 Nf6 2. g3 g6 3. Bg2 Bg7 4. Nc3 0-0 5. Nf3 d6 6. 0-0 e5 7. d4 Nbd7 8. h3 a6 9. e4 Rb8 10. a4 a5 11. Be3 exd4 12. Nxd4 Nc5 13. Nb3 b6 14. Nxc5 bxc5 15. e5 Ne8 16. exd6 cxd6 17. Bxc5 Qc7 18. Bd4 Qxc4 19. Bxg7 Kxg7 20. Nb5 Be6 21. Nxd6 Nxd6 22. Qxd6 Rfd8 23. Qe5+ Kg8 24. Rfd1 Qb4 25. h4 Re8 26. Qc3 Rec8 27. Qxb4 1/2-1/2

[Event "Landesliga Nord 1617"]
[Site "Bayern"]
[Date "2016.10.16"]
[Round "1.6"]
[White "Saathoff, Richard"]
[Black "Ziemann, Ulrich"]
[Result "1-0"]
[WhiteElo "2090"]
[BlackElo "1803"]
[PlyCount "57"]
[EventDate "2016.10.16"]
[EventType "team-tourn"]
[EventRounds "9"]
[EventCountry "GER"]
[SourceTitle "EXT 2019"]
[Source "ChessBase"]
[SourceDate "2018.10.10"]
[SourceVersion "1"]
[SourceVersionDate "2018.10.10"]
[SourceQuality "1"]
[WhiteTeam "Nuernberg Sued SW"]
[BlackTeam "Bad Koetzting"]
[WhiteTeamCountry "GER"]
[BlackTeamCountry "GER"]

1. e4 e5 2. f4 d5 3. exd5 exf4 4. Nf3 Bg4 5. Bc4 Nf6 6. Nc3 Be7 7. 0-0 0-0 8. d4 c6 9. dxc6 Nxc6 10. Ne2 Nh5 11. c3 g5 12. Qd3 Ng7 13. Bb3 Qd6 14. Bd2 Rad8 15. Rae1 Bf5 16. Qb5 Qf6 17. g3 Bh3 18. Rf2 Nf5 19. gxf4 g4 20. Ne5 Nh4 21. Ng3 Nxe5 22. fxe5 Nf3+ 23. Kh1 Qg6 24. Rc1 Nxd2 25. Rxd2 Bg5 26. Qe2 Bxd2 27. Qxd2 h5 28. Bc2 Qe6 29. Qg5+ 1-0

[Event "Pyramiden Franken Cup"]
[Site "Fuerth"]
[Date "2016.09.04"]
[Round "7"]
[White "Saathoff, Richard"]
[Black "Gibicar, Danijel"]
[Result "1/2-1/2"]
[WhiteElo "2119"]
[BlackElo "2278"]
[PlyCount "68"]
[EventDate "2016.09.01"]
[EventType "swiss"]
[EventRounds "7"]
[EventCountry "GER"]
[SourceTitle "CBM 174 Extra"]
[Source "ChessBase"]
[SourceDate "2016.10.10"]
[SourceVersion "1"]
[SourceVersionDate "2016.10.10"]
[SourceQuality "1"]

1. e4 e6 2. d4 d5 3. Nc3 Bb4 4. e5 c5 5. a3 Bxc3+ 6. bxc3 Ne7 7. Qg4 0-0 8. Bd3 f5 9. exf6 Rxf6 10. Bg5 Rf7 11. Qh4 h6 12. Bd2 c4 13. Be2 Nbc6 14. Nf3 Qc7 15. 0-0 Nf5 16. Qh5 Bd7 17. Rae1 Nd6 18. Ne5 Nxe5 19. Qxe5 Qc6 20. f3 Rf6 21. Ra1 Nf7 22. Qe3 Qa4 23. Ra2 Re8 24. f4 Nd6 25. Bf3 Ref8 26. Qe5 Nf7 27. Qe2 Nd6 28. Qe5 Nf7 29. Qe2 Qa5 30. Re1 Ba4 31. Bg4 Re8 32. Bh5 g6 33. Bg4 Qc7 34. Qe3 Qe7 1/2-1/2

[Event "Landesliga Nord 1516"]
[Site "Bayern"]
[Date "2016.03.13"]
[Round "8.6"]
[White "Saathoff, Richard"]
[Black "Surinya, Tibor"]
[Result "1-0"]
[WhiteElo "2053"]
[BlackElo "2001"]
[PlyCount "41"]
[EventDate "2015.10.11"]
[EventType "team-tourn"]
[EventRounds "9"]
[EventCountry "GER"]
[SourceTitle "EXT 2018"]
[Source "ChessBase"]
[SourceDate "2017.10.13"]
[SourceVersion "1"]
[SourceVersionDate "2017.10.13"]
[SourceQuality "1"]
[WhiteTeam "Nuernberg Sued SW"]
[BlackTeam "Nuernberg NT II"]
[WhiteTeamCountry "GER"]
[BlackTeamCountry "GER"]

1. e4 c5 2. Nf3 d6 3. d4 cxd4 4. Nxd4 Nf6 5. Nc3 Nc6 6. Bg5 e6 7. Qd2 Be7 8. 0-0-0 Bd7 9. Ndb5 Qb8 10. Nxd6+ Bxd6 11. Qxd6 Qxd6 12. Rxd6 Ke7 13. Rd2 h6 14. Bh4 g5 15. Bg3 a6 16. Bd6+ Ke8 17. Be2 b5 18. a3 Ng8 19. Rhd1 Bc8 20. Bxb5 axb5 21. Nxb5 1-0

[Event "Pyramiden Franken Cup"]
[Site "Fuerth"]
[Date "2015.09.05"]
[Round "5"]
[White "Reis, Gerhard"]
[Black "Saathoff, Richard"]
[Result "1/2-1/2"]
[WhiteElo "2197"]
[BlackElo "2106"]
[PlyCount "36"]
[EventDate "2015.09.03"]
[EventType "swiss"]
[EventRounds "7"]
[EventCountry "GER"]
[SourceTitle "EXT 2016"]
[Source "ChessBase"]
[SourceDate "2015.10.08"]
[SourceVersion "1"]
[SourceVersionDate "2015.10.08"]
[SourceQuality "1"]

1. Nf3 Nf6 2. c4 g6 3. g3 Bg7 4. Bg2 d6 5. d4 0-0 6. 0-0 Nbd7 7. Nc3 e5 8. e4 a6 9. h3 b5 10. cxb5 axb5 11. Re1 c6 12. d5 cxd5 13. Nxd5 Bb7 14. Nxf6+ Nxf6 15. Nd2 Qc7 16. Nb3 Ra4 17. Qd3 Rfa8 18. Qxb5 Rxa2 1/2-1/2

[Event "Pyramiden Franken Cup"]
[Site "Fuerth"]
[Date "2015.09.03"]
[Round "1"]
[White "Naumann, Thomas"]
[Black "Saathoff, Richard"]
[Result "0-1"]
[WhiteElo "1760"]
[BlackElo "2106"]
[PlyCount "53"]
[EventDate "2015.09.03"]
[EventType "swiss"]
[EventRounds "7"]
[EventCountry "GER"]
[SourceTitle "EXT 2016"]
[Source "ChessBase"]
[SourceDate "2015.10.08"]
[SourceVersion "1"]
[SourceVersionDate "2015.10.08"]
[SourceQuality "1"]

1. d4 Nf6 2. Nf3 g6 3. c4 Bg7 4. Nc3 0-0 5. e4 d6 6. h3 Na6 7. Bd2 e5 8. d5 Nh5 9. Be2 Qe8 10. Qc1 f5 11. Bh6 Nf4 12. Bxg7 Kxg7 13. g3 Nxe2 14. Kxe2 Nc5 15. Nd2 Qf7 16. b4 fxe4 17. bxc5 Qxf2+ 18. Kd1 e3 19. Nde4 e2+ 20. Nxe2 Qf3 21. Re1 Qxe4 22. cxd6 cxd6 23. Qa3 Rf3 24. Qxd6 Rd3+ 25. Kc1 Qxc4+ 26. Kb1 Bf5 27. Qxe5+ 0-1